[Event "SVK Amateur-ch 2020"]
[Site "Topolcany"]
[Date "2020.07.13"]
[Round "5.5"]
[White "Matejov, Jaroslav"]
[Black "Mesaros, Jan"]
[Result "1/2-1/2"]
[WhiteElo "2021"]
[BlackElo "1782"]
[Annotator "ChessBase"]
[PlyCount "133"]
[EventDate "2020.07.10"]
[EventType "swiss"]
[EventCountry "SVK"]
[TimeControl "3600+30"]

1. e4 {[%emt 0:00:00]} c5 {[%emt 0:00:01]} 2. Nc3 {[%emt 0:00:04]} Nc6 {[%emt 0:00:24]} 3. g3 {[%emt 0:00:12]} g6 {[%emt 0:00:24]} 4. Bg2 {[%emt 0:00:07]} Bg7 {[%emt 0:00:10]} 5. Nge2 {[%emt 0:00:11]} e6 {[%emt 0:00:42]} 6. d3 {[%emt 0:00:12]} Nge7 {[%emt 0:00:26]} 7. O-O {[%emt 0:00:12]} O-O {[%emt 0:00:22]} 8. Be3 {[%emt 0:00:18]} Nd4 {[%emt 0:00:19]} 9. Qd2 {[%emt 0:01:15]} d6 {[%emt 0:01:02]} 10. h3 {[%emt 0:01:17]} Rb8 {[%emt 0:01:08]} 11. Kh2 {[%emt 0:01:04]} b5 {[%emt 0:00:32]} 12. Nd1 {[%emt 0:05:55]} Bd7 {[%emt 0:04:46]} 13. c3 {[%emt 0:03:31]} Nxe2 {[%emt 0:00:17]} 14. Qxe2 {[%emt 0:00:10]} b4 {[%emt 0:00:32]} 15. f4 {[%emt 0:01:11]} bxc3 {[%emt 0:00:46]} 16. bxc3 {[%emt 0:00:28]} Qa5 {[%emt 0:01:03]} 17. Qd2 {[%emt 0:03:19]} Ba4 {[%emt 0:04:48]} 18. d4 {[%emt 0:02:31]} cxd4 {[%emt 0:03:49]} 19. Bxd4 {[%emt 0:00:27]} e5 {[%emt 0:00:19]} 20. fxe5 {[%emt 0:01:32]} dxe5 {[%emt 0:00:12]} 21. Be3 {[%emt 0:02:37]} Bb5 {[%emt 0:02:29]} 22. Rf3 {[%emt 0:01:31]} Bc4 {[%emt 0:09:27]} 23. Qf2 {[%emt 0:01:13]} Rb7 {[%emt 0:00:35]} 24. Bc5 {[%emt 0:02:41]} Rc7 {[%emt 0:02:05]} 25. Bb4 {[%emt 0:01:56]} Qa6 {[%emt 0:00:30]} 26. Ne3 {[%emt 0:00:26]} Re8 {[%emt 0:12:18]} 27. Bf1 {[%emt 0:00:30]} Bxf1 {[%emt 0:00:30]} 28. Rxf1 {[%emt 0:00:30]} Qe6 {[%emt 0:00:30]} 29. Rxf7 {[%emt 0:00:52]} h6 {[%emt 0:02:13]} 30. Bxe7 {[%emt 0:03:58]} Rcxe7 {[%emt 0:02:14]} 31. Rxe7 {[%emt 0:00:30]} Rxe7 {[%emt 0:00:30]} 32. Nd5 {[%emt 0:00:30]} Rb7 {[%emt 0:00:30]} 33. Qc2 {[%emt 0:01:11]} Qa6 {[%emt 0:01:17]} 34. Rf2 {[%emt 0:00:35]} Qc4 {[%emt 0:00:53]} 35. Qe2 {[%emt 0:01:05]} Qc5 {[%emt 0:06:47]} 36. Kg2 {[%emt 0:00:31]} Qa3 {[%emt 0:00:30]} 37. h4 {[%emt 0:01:10]} Rb1 {[%emt 0:01:59]} 38. Qc4 {[%emt 0:03:10]} Kh7 {[%emt 0:00:12]} 39. h5 {[%emt 0:08:20]} gxh5 {[%emt 0:03:09]} 40. Qe2 {[%emt 0:00:30]} Qc1 {[%emt 0:00:04]} 41. Rf1 {[%emt 0:02:22]} Rb2 {[%emt 0:00:05]} 42. Rxc1 {[%emt 0:00:15]} Rxe2+ {[%emt 0:01:53]} 43. Kf3 {[%emt 0:00:30]} Rxa2 {[%emt 0:00:30]} 44. c4 {[%emt 0:00:30]} Ra3+ {[%emt 0:00:30]} 45. Rc3 {[%emt 0:00:30]} Rxc3+ {[%emt 0:00:30]} 46. Nxc3 {[%emt 0:00:31]} Bf8 {[%emt 0:00:41]} 47. Na4 {[%emt 0:00:30]} Kg6 {[%emt 0:00:30]} 48. Ke3 {[%emt 0:02:13]} Kf6 {[%emt 0:00:11]} 49. c5 {[%emt 0:00:29]} Ke6 {[%emt 0:00:06]} 50. Kd3 {[%emt 0:00:01]} Kd7 {[%emt 0:00:41]} 51. Kc4 {[%emt 0:00:30]} Kc6 {[%emt 0:00:30]} 52. Kb4 {[%emt 0:01:37]} Be7 {[%emt 0:00:26]} 53. Kc4 {[%emt 0:01:06]} h4 {[%emt 0:00:11]} 54. gxh4 {[%emt 0:00:34]} Bxh4 {[%emt 0:00:09]} 55. Nb2 {[%emt 0:00:14]} a6 {[%emt 0:02:10]} 56. Nd3 {[%emt 0:00:10]} Bf6 {[%emt 0:01:26]} 57. Nb4+ {[%emt 0:00:31]} Kb7 {[%emt 0:00:30]} 58. Kd5 {[%emt 0:00:30]} a5 {[%emt 0:00:30]} 59. c6+ {[%emt 0:01:48]} Kb6 {[%emt 0:00:20]} 60. Kd6 {[%emt 0:00:29]} Bd8 {[%emt 0:00:19]} 61. Nd5+ {[%emt 0:00:20]} Kb5 {[%emt 0:01:51]} 62. c7 {[%emt 0:00:30]} Bxc7+ {[%emt 0:00:30]} 63. Nxc7+ {[%emt 0:00:30]} Kc4 {[%emt 0:00:30]} 64. Kxe5 {[%emt 0:00:13]} a4 {[%emt 0:00:02]} 65. Nd5 {[%emt 0:00:29]} a3 {[%emt 0:00:06]} 66. Ne3+ {[%emt 0:00:31]} Kd3 {[%emt 0:00:07]} 67. Nd5 {[%emt 0:00:14]} 1/2-1/2

[Event "SVK Amateur-ch 2020"]
[Site "Topolcany"]
[Date "2020.07.12"]
[Round "5.6"]
[White "Hasterok, Mateusz"]
[Black "Voros, Gellert"]
[Result "1-0"]
[WhiteElo "2056"]
[BlackElo "2197"]
[Annotator "TA"]
[PlyCount "77"]
[EventDate "2020.07.10"]
[EventType "swiss"]
[EventCountry "SVK"]
[SourceTitle "playchess.com"]
[Source "ChessBase"]
[SourceQuality "1"]

{[%evp 22,77,0,0,0,-1,20,15,12,-4,32,0,0,0,0,0,0,0,0,-2,20,14,22,16,19,20,16,11,0,0,0,7,10,0,17,0,0,0,0,0,0,0,114,124,490,255,280,264,243,95,255,146,29990,29991,29993,835,29996,29997]} 1. d4 d5 2. c4 c6 3. Nc3 Nf6 4. e3 e6 5. Nf3 Nbd7 6. Qc2 Bd6 7. Bd3 O-O 8. O-O dxc4 9. Bxc4 e5 10. Rd1 Qe7 11. e4 exd4 12. Nxd4 {Nf5 is the strong threat.} Ne5 {D46: Semi-Slav: 5 e3 Nbd7 6 Bd3, Black avoids the Meran.} 13. Be2 {Black should prevent f4.} Ng6 14. g3 Re8 {[%cal Rf6e4] The position is equal.} 15. Bf3 Bh3 {[#]} 16. Nf5 $146 ({Predecessor:} 16. Bg2 Bxg2 17. Nf5 Qc7 18. Nxd6 Red8 19. Kxg2 Rxd6 20. Nb5 cxb5 21. Qxc7 Rxd1 22. Qxb7 {1-0 (38) Cruz,W (2183)-Juliano,J (1933) Curitiba 2012}) 16... Bxf5 $1 17. exf5 Ne5 18. Bg2 h6 19. h3 Rad8 20. Be3 Bb8 21. Ne4 Ned7 {[%cal Rf6e4]} 22. Nxf6+ Nxf6 23. Bc5 Qe5 24. Bb4 Nd5 25. Bxd5 cxd5 26. Re1 Qf6 {Black wants to play ...Bxg3!} 27. Rad1 d4 28. Qd3 Rxe1+ 29. Rxe1 {Black must now prevent Be7.} Qb6 30. Be7 Re8 {And now ...Bd6 would win.} 31. f6 Qa5 (31... gxf6 $11 {keeps the balance.} 32. Qf5 Bd6 33. Qg4+ Kh7) 32. Re4 $16 Qh5 $2 {[%mdl 8192]} (32... h5 $16 {is more resistant.}) 33. Rh4 (33. Rxd4 $142 Bxg3 34. Qxg3) 33... Qe5 {[#]} 34. Rg4 $1 {[%mdl 512]} g5 35. Re4 $40 {[%mdl 128] White attacks with force.} ({Much less strong is} 35. Rxd4 $6 Bc7 $16) (35. Qxd4 Qxd4 36. Rxd4 Be5 $16) (35. h4 $1 $18 {is the precise move to win.}) 35... Qa5 $2 {[#]} (35... Qf5 $16 {was necessary.}) 36. Qxd4 (36. Bb4 $1 $18 {[%cal Re4e8][%mdl 512]} Qa4 (36... Qxb4 37. Rxe8+) 37. Re7 (37. Qxd4 Rxe4 38. Qxe4 a5 $17) (37. Rxd4 Be5 $14)) 36... Bc7 $2 {[%mdl 8192]} (36... Qf5 $16 37. Kg2 Rc8) 37. Qd7 Rb8 {[#]} 38. Bb4 (38. Bd8 $142 $1 {[%mdl 512]} Bd6 (38... Rxd8 39. Re8+) 39. Re8+ Bf8 {[#]} 40. Rxf8+ $1 {[%mdl 512]} Kxf8 41. Qe7+ Kg8 42. Qe8+ Kh7 43. Qxf7+ (43. Bxa5 $2 {loses.} Rxe8 44. Kg2 Kg6 $19) 43... Kh8 44. Qg7#) 38... Qb6 39. Re8+ {Accuracy: White = 67%, Black = 56%.} 1-0

[Event "SVK Amateur-ch 2020"]
[Site "Topolcany"]
[Date "2020.07.13"]
[Round "5.6"]
[White "Szocs, Ladislav"]
[Black "Podoba, Milan"]
[Result "1-0"]
[WhiteElo "1801"]
[BlackElo "2023"]
[Annotator "ChessBase"]
[PlyCount "49"]
[EventDate "2020.07.10"]
[EventType "swiss"]
[EventCountry "SVK"]
[TimeControl "3600+30"]

1. Nf3 {[%emt 0:00:00]} d5 {[%emt 0:00:00]} 2. g3 {[%emt 0:00:05]} Nf6 {[%emt 0:00:00]} 3. Bg2 {[%emt 0:00:14]} Bf5 {[%emt 0:00:16]} 4. O-O {[%emt 0:00:38]} e6 {[%emt 0:00:16]} 5. d4 {[%emt 0:01:08]} Nbd7 {[%emt 0:00:41]} 6. c4 {[%emt 0:01:47]} c6 {[%emt 0:00:20]} 7. b3 {[%emt 0:08:25]} h6 {[%emt 0:01:50]} 8. Nc3 {[%emt 0:00:29]} Be7 {[%emt 0:00:53]} 9. Bb2 {[%emt 0:00:39]} O-O {[%emt 0:01:10]} 10. cxd5 {[%emt 0:03:46]} exd5 {[%emt 0:01:17]} 11. a3 {[%emt 0:02:04]} a5 {[%emt 0:01:37]} 12. Nd2 {[%emt 0:03:10]} Re8 {[%emt 0:13:35]} 13. Re1 {[%emt 0:02:07]} Qb6 {[%emt 0:05:09]} 14. e4 {[%emt 0:08:49]} Bg4 {[%emt 0:03:04]} 15. Qc2 {[%emt 0:01:00]} dxe4 {[%emt 0:03:21]} 16. Ndxe4 {[%emt 0:00:50]} Nxe4 {[%emt 0:01:05]} 17. Nxe4 {[%emt 0:01:31]} Be6 {[%emt 0:06:22]} 18. Nd2 {[%emt 0:01:31]} Nf6 {[%emt 0:02:24]} 19. Nc4 {[%emt 0:08:29]} Qb5 {[%emt 0:02:11]} 20. Re5 {[%emt 0:00:39]} c5 {[%emt 0:10:47]} 21. dxc5 {[%emt 0:06:56]} Rac8 {[%emt 0:01:56]} 22. c6 {[%emt 0:03:12]} Nd5 {[%emt 0:02:41]} 23. cxb7 {[%emt 0:02:05]} Qxb7 {[%emt 0:00:43]} 24. Rae1 {[%emt 0:01:07]} Bf6 {[%emt 0:02:02]} 25. Bxd5 {[%emt 0:01:15]} 1-0

[Event "SVK Amateur-ch 2020"]
[Site "Topolcany"]
[Date "2020.07.12"]
[Round "5.7"]
[White "Frink, Ferenc"]
[Black "Bango, Lukas"]
[Result "0-1"]
[WhiteElo "2075"]
[BlackElo "2153"]
[Annotator "TA"]
[PlyCount "80"]
[EventDate "2020.07.10"]
[EventType "swiss"]
[EventCountry "SVK"]
[SourceTitle "playchess.com"]
[Source "ChessBase"]
[SourceQuality "1"]

{[%evp 10,79,41,13,24,6,54,33,33,27,37,1,5,-31,37,-49,-44,-43,0,-8,-1,-49,-49,-120,-113,-213,-106,-109,-86,-218,-214,-280,-211,-227,-212,-270,-265,-503,-489,-469,-481,-499,-492,-533,-527,-524,-492,-497,-459,-445,-449,-584,-467,-713,-709,-1204,-1047,-1018,-820,-905,-882,-29986,-1566,-29995,-29996,-29996,-29997,-29997,-29998,-29998,-29999,-29999]} 1. e4 d6 2. d4 g6 3. Bd3 Bg7 4. Ne2 Nf6 5. O-O O-O 6. h3 a6 {B07: Pirc Defence: Miscellaneous Systems.} 7. Be3 {[#]} b5 $146 ({Predecessor:} 7... c6 8. Qd2 b5 9. Bh6 Qc7 10. c4 Bb7 11. d5 cxd5 12. cxd5 Nxd5 13. exd5 Bxd5 14. Bxg7 Kxg7 {1-0 (62) Curticapian,I-Cirstean,M Eforie Nord 2001}) 8. c3 Bb7 {White is slightly better.} 9. Nd2 Nbd7 10. Ng3 e5 11. f4 Qe7 (11... exd4 $15 12. cxd4 Re8) 12. f5 (12. dxe5 $14 dxe5 13. f5) 12... exd4 $15 13. cxd4 Nd5 14. Bf2 $1 Nb4 15. Qb3 c5 16. a3 {[#]} (16. Rae1 $15) 16... Nc6 $1 $36 {[%mdl 2048] Strongly threatening ...c4. White is under strong pressure.} 17. e5 (17. d5 $17 c4 18. Bxc4) 17... dxe5 (17... Nxd4 $19 18. Bxd4 cxd4) 18. fxg6 hxg6 19. Rae1 {White does not recover from this.} (19. Bxg6 $17 Qg5 20. Bf5 Qxd2 21. Bxd7 Nxd4 22. Qd1 Qxd1 23. Raxd1) 19... Kh8 $19 20. Be4 cxd4 {aiming for ...f5.} 21. Qf3 Qd6 {...f5 is the strong threat.} 22. Rc1 {[%cal Re4c6]} Rac8 {Threatens to win with ...f5.} 23. Bxc6 $2 (23. Qg4 {was the only chance.}) 23... Bxc6 24. Nge4 Qd5 25. Qg3 Bh6 26. Rce1 Kg7 {Hoping for ...Bf4.} 27. Nf3 Bf4 28. Qh4 Rh8 29. Qe7 Rce8 30. Qb4 f5 31. Nd6 (31. Nxd4 $142 exd4 32. Qxd4+ Be5 33. Qxd5 Bxd5 34. Rd1 Bxe4 35. Rxd7+ Kg8 36. b4) 31... Re6 32. Nxf5+ gxf5 33. Bxd4 exd4 34. Rxe6 Qxe6 35. Nxd4 Be3+ (35... Qe3+ $142 36. Rf2 Qc1+ 37. Rf1 Be3+ 38. Kh2 Qxf1 39. Nxf5+ Qxf5 40. Qe7+ Kg6 41. Qxe3 Ne5 42. Kg3 Kf6 43. h4 Rg8+ 44. Qg5+ Rxg5+ 45. hxg5+ Kxg5 46. Kh2 Qf1 47. Kh3 Qxg2#) 36. Kh2 {[#]} Rxh3+ $1 {Black mates.} 37. Kxh3 (37. gxh3 Qe5+) 37... Qh6+ 38. Kg3 Qg5+ 39. Kh3 Qxg2+ 40. Kh4 Qg4# {Accuracy: White = 35%, Black = 77%.} 0-1

[Event "SVK Amateur-ch 2020"]
[Site "Topolcany"]
[Date "2020.07.13"]
[Round "5.7"]
[White "Kolesar, Peter"]
[Black "Panda Gyorgy"]
[Result "1-0"]
[WhiteElo "2002"]
[BlackElo "1773"]
[Annotator "ChessBase"]
[PlyCount "71"]
[EventDate "2020.07.10"]
[EventType "swiss"]
[EventCountry "SVK"]
[TimeControl "3600+30"]

1. e4 {[%emt 0:00:00]} c5 {[%emt 0:00:00]} 2. Nf3 {[%emt 0:00:00]} e6 {[%emt 0:00:00]} 3. d4 {[%emt 0:00:00]} cxd4 {[%emt 0:00:09]} 4. Nxd4 {[%emt 0:00:06]} a6 {[%emt 0:00:09]} 5. c4 {[%emt 0:00:09]} Nf6 {[%emt 0:00:09]} 6. Bd3 {[%emt 0:04:34]} Qc7 {[%emt 0:01:53]} 7. O-O {[%emt 0:02:48]} Bc5 {[%emt 0:00:19]} 8. Nb3 {[%emt 0:02:23]} Ba7 {[%emt 0:00:19]} 9. Nc3 {[%emt 0:03:18]} d6 {[%emt 0:04:12]} 10. Bf4 {[%emt 0:02:29]} Nbd7 {[%emt 0:01:55]} 11. Qe2 {[%emt 0:05:27]} O-O {[%emt 0:00:38]} 12. Rad1 {[%emt 0:01:31]} Ne5 {[%emt 0:01:48]} 13. h3 {[%emt 0:06:32]} Bd7 {[%emt 0:09:55]} 14. Nd2 {[%emt 0:02:02]} Rac8 {[%emt 0:02:41]} 15. b3 {[%emt 0:00:23]} b5 {[%emt 0:01:17]} 16. Ncb1 {[%emt 0:01:43]} bxc4 {[%emt 0:03:12]} 17. Nxc4 {[%emt 0:00:50]} Nxd3 {[%emt 0:02:17]} 18. Qxd3 {[%emt 0:00:30]} e5 {[%emt 0:00:06]} 19. Bg5 {[%emt 0:02:40]} Bb5 {[%emt 0:01:24]} 20. Nba3 {[%emt 0:05:18]} Bd4 {[%emt 0:04:01]} 21. Bxf6 {[%emt 0:01:04]} gxf6 {[%emt 0:00:13]} 22. Qg3+ {[%emt 0:03:49]} Kh8 {[%emt 0:00:10]} 23. Qh4 {[%emt 0:00:09]} Qe7 {[%emt 0:00:26]} 24. Rd3 {[%emt 0:09:10]} Rg8 {[%emt 0:00:08]} 25. Nxb5 {[%emt 0:00:14]} axb5 {[%emt 0:00:20]} 26. Ne3 {[%emt 0:00:33]} Qe6 {[%emt 0:02:09]} 27. Nf5 {[%emt 0:01:07]} Bc5 {[%emt 0:00:42]} 28. Rfd1 {[%emt 0:02:28]} Rcd8 {[%emt 0:01:15]} 29. Kh1 {[%emt 0:03:29]} Rg6 {[%emt 0:00:26]} 30. f3 {[%emt 0:00:25]} Rgg8 {[%emt 0:02:46]} 31. Qe1 {[%emt 0:00:34]} Rd7 {[%emt 0:00:57]} 32. Rd5 {[%emt 0:00:09]} Ra8 {[%emt 0:01:12]} 33. Qd2 {[%emt 0:00:33]} Rdd8 {[%emt 0:01:21]} 34. Rxc5 {[%emt 0:01:57]} dxc5 {[%emt 0:00:08]} 35. Qxd8+ {[%emt 0:00:10]} Qe8 {[%emt 0:00:07]} 36. Qxf6+ {[%emt 0:01:29]} 1-0

[Event "SVK Amateur-ch 2020"]
[Site "Topolcany"]
[Date "2020.07.12"]
[Round "5.8"]
[White "Viczencz, Peter"]
[Black "Nadzamova, Viktoria"]
[Result "1-0"]
[WhiteElo "2190"]
[BlackElo "2046"]
[Annotator "TA"]
[PlyCount "101"]
[EventDate "2020.07.10"]
[EventType "swiss"]
[EventCountry "SVK"]
[SourceTitle "playchess.com"]
[Source "ChessBase"]
[SourceQuality "1"]

{[%evp 21,101,8,15,0,0,0,0,-10,0,-215,-214,-208,-202,-347,-271,-355,-350,-342,-162,-168,114,-118,72,0,203,218,641,206,214,206,200,102,113,125,410,419,385,393,431,439,436,422,414,405,495,497,469,420,469,469,458,436,407,407,407,407,389,342,714,876,789,729,848,750,1027,628,1016,1012,4926,4930,29968,29969,29969,935,29970,29971,29973,29973,29977,29978,29978,29977]} 1. e4 c5 2. Nf3 e6 3. c3 Nf6 4. e5 Nd5 5. d4 cxd4 6. cxd4 b6 7. Nc3 Nxc3 8. bxc3 Bb7 9. Bd3 Be7 10. O-O O-O 11. Bd2 d6 12. Re1 {B22: Sicilian: 2 c3.} Nd7 13. exd6 Bxd6 {[#]} 14. Rb1 $146 {The position is equal.} ({Predecessor:} 14. Qe2 Qc7 15. h3 Rac8 16. Rac1 Bf4 17. Be4 Bxe4 18. Qxe4 Bxd2 19. Nxd2 Rfd8 20. Qe2 Nf6 21. Qa6 Nd5 22. c4 Nf4 {½-½ (60) Grosar,A (2475)-Costa,J (2425) Buekfuerdo 1995}) 14... Rc8 15. Qc2 $2 (15. Ng5 $11 Nf6 16. Nf3) 15... Bxf3 $1 $19 16. gxf3 Qh4 17. Re4 (17. Ba6 $142 Rc7 18. Kf1) 17... Qxh2+ 18. Kf1 Nf6 19. Ree1 Nd5 (19... e5 $142 20. dxe5 Bxe5) 20. Ke2 Nb4 $2 ({Black should try} 20... Bg3 $1 $19 21. Bxh7+ Qxh7 22. Qxh7+ Kxh7 23. Rh1+ Kg8 24. fxg3 Nxc3+ 25. Bxc3 Rxc3) 21. Bxh7+ $2 (21. Rxb4 $16 {is necessary to keep the advantage. Strongly threatening Rbb1.} Bxb4 {[%mdl 64] Pin} 22. Qb1 Bxc3 23. Rh1) 21... Kh8 $2 (21... Qxh7 $17 22. Qxh7+ Kxh7 23. cxb4 Rc2) 22. Rxb4 (22. Qb2 $16 Bg3 23. Be3 Qxh7 24. Rh1) 22... Bxb4 $2 {[#]} (22... Qxh7 $11 {and Black stays safe.} 23. Qxh7+ Kxh7) 23. Qb1 $1 $18 Qc7 $2 (23... Bxc3 24. Rh1 Qg2 25. Bf5+ Kg8 26. Bh7+ Kh8) 24. cxb4 $2 (24. Rh1 {White wants to mate with Bg8+!} Rfe8 25. Qxb4) 24... g6 25. Rh1 Qc4+ 26. Qd3 (26. Kd1 $18 Qxd4 27. Bxg6+ Kg7 28. Rh7+ Kf6 29. Bd3) 26... Qxd3+ $16 27. Kxd3 {Threatens to win with Bxg6+.} Rfd8 $2 {[%mdl 8192] [#] This move loses the game for Black.} (27... Kg7 $16 {is a better defense.}) 28. Bxg6+ $1 $18 Kg7 29. Be4 f5 30. Bb7 Rc7 31. Ba6 e5 32. Bc3 Rcd7 33. Bc4 exd4 34. Bb2 Rd6 35. Rh4 Kf6 36. Rxd4 Rxd4+ 37. Bxd4+ Kg5 38. Kc3 Kf4 39. Be6 Rf8 $2 (39... Rd6) 40. Bd5 Rc8+ 41. Kb3 Rc7 42. a4 Rd7 43. Kc4 Rc7+ 44. Kb5 Rd7 45. Kc6 {White threatens Be3+ and mate.} Rh7 46. Be3+ Ke5 47. f4+ Kf6 48. a5 {White mates.} bxa5 49. bxa5 {[%cal Bb4a5,Ba5a6][%mdl 32]} Re7 50. Kd6 Rh7 51. a6 {Accuracy: White = 74%, Black = 40%.} 1-0

[Event "SVK Amateur-ch 2020"]
[Site "Topolcany"]
[Date "2020.07.13"]
[Round "5.8"]
[White "Kukan, Michal"]
[Black "Kucera, Michal"]
[Result "0-1"]
[WhiteElo "1760"]
[BlackElo "1978"]
[Annotator "ChessBase"]
[PlyCount "22"]
[EventDate "2020.07.10"]
[EventType "swiss"]
[EventCountry "SVK"]
[TimeControl "3600+30"]

1. c4 {[%emt 0:00:00]} e5 {[%emt 0:00:00]} 2. Nc3 {[%emt 0:00:10]} Nf6 {[%emt 0:00:00]} 3. g3 {[%emt 0:00:13]} d5 {[%emt 0:01:54]} 4. cxd5 {[%emt 0:00:16]} Nxd5 {[%emt 0:00:06]} 5. Bg2 {[%emt 0:00:46]} Nb6 {[%emt 0:00:34]} 6. d3 {[%emt 0:00:44]} Be7 {[%emt 0:01:31]} 7. Nf3 {[%emt 0:00:14]} Nc6 {[%emt 0:00:08]} 8. O-O {[%emt 0:00:11]} O-O {[%emt 0:01:13]} 9. Bd2 {[%emt 0:00:30]} Be6 {[%emt 0:00:50]} 10. a3 {[%emt 0:00:33]} a5 {[%emt 0:04:45]} 11. Nb5 {[%emt 0:02:59]} f6 {[%emt 0:01:43]} 0-1

[Event "SVK Amateur-ch 2020"]
[Site "Topolcany"]
[Date "2020.07.12"]
[Round "5.9"]
[White "Varga, Marcell"]
[Black "Janco, Darius"]
[Result "1/2-1/2"]
[WhiteElo "2150"]
[BlackElo "2003"]
[Annotator "TA"]
[PlyCount "150"]
[EventDate "2020.07.10"]
[EventType "swiss"]
[EventCountry "SVK"]
[SourceTitle "playchess.com"]
[Source "ChessBase"]
[SourceQuality "1"]

{[%evp 20,150,12,0,0,0,0,0,0,0,0,-41,-23,-19,0,-3,20,-57,-66,-123,-89,-73,-80,-85,-85,-218,-124,-129,26,-31,0,-43,-39,-35,-17,-27,7,-46,36,51,27,0,37,0,0,0,0,-114,-120,-130,-114,-131,0,0,0,0,0,0,0,0,0,0,0,6,1,0,0,0,0,0,0,0,0,0,0,0,0,0,0,0,0,0,8,0,0,0,0,0,0,-161,-105,-112,-101,-101,-31,-105,-105,-105,-105,-112,-112,-112,-105,-105,-105,-105,-31,-31,-24,-24,-24,-24,-8,-8,-8,-16,0,-8,-8,-8,0,0,0,-24,-24,-101,-31,-31,-23,-23,-23,-23,-23]} 1. Nf3 d5 2. c4 c6 3. g3 Nf6 4. Bg2 g6 5. O-O Bg7 6. cxd5 Nxd5 7. a3 O-O 8. Qc2 e5 9. d3 h6 10. Bd2 Be6 11. Nc3 {[%cal Bb1c3,Bc3e4,Be4c5][%mdl 32]} Nd7 {A16: English Opening: 1...Nf6 with ...d5.} 12. Rab1 a5 13. b4 axb4 {The position is equal.} 14. axb4 Qe7 15. Ne4 Rfb8 16. Rfc1 f5 17. Nc5 Bf7 18. Ne1 (18. e4 $11 fxe4 19. Nxe4) 18... Nc7 $15 19. Be3 (19. Ra1 $15) 19... Ra2 20. Rb2 Rxb2 21. Qxb2 Nb5 22. Nc2 (22. Nxd7 $17 {was necessary.} Qxd7 23. Nf3) 22... Nf8 (22... e4 $19 23. d4 Nb6) 23. Na3 {next Nxb5 is good for White.} Nd6 $2 (23... e4 $1 $17 24. d4 b6) 24. Nc4 (24. b5 $11 Rc8 25. bxc6 bxc6 26. Qb6) 24... Nb5 25. Qc2 Ne6 26. Nxe6 Bxe6 27. Bc5 Qg5 28. Na5 (28. Nd6 $11) 28... Nd4 (28... Qf6 $15) 29. Bxd4 $1 $14 exd4 30. Ra1 f4 31. Nxb7 {[%mdl 64] Decoy} Rxb7 32. Qxc6 Re7 33. Ra5 (33. b5 $11) 33... Bf5 $1 $17 34. Bf3 fxg3 $1 35. hxg3 Qf6 (35... h5 $1 $17 36. Be4 Kh7 37. Bxf5 gxf5) 36. Ra8+ $11 Kh7 37. Qxf6 Bxf6 38. b5 Re5 39. b6 {aiming for b7.} Rb5 40. b7 Be5 41. Re8 Bd6 42. Rd8 Be5 43. Bc6 Rb6 44. f4 Bc7 45. Rc8 Bd6 46. Bf3 g5 47. Rd8 {Strongly threatening Rxd6!} Bc7 48. Rc8 Bd6 49. Rd8 {And now Rxd6! would win.} Bc7 50. Rxd4 gxf4 51. Rc4 Bd6 52. gxf4 Be6 53. Ra4 Bb3 54. Re4 $2 {[#]} (54. Ra7 $11 Bb8 55. Ra1) 54... Rxb7 (54... Bd5 $1 $19 {[%cal Rd5e4]} 55. Ra4 Bxf3 56. exf3 Rxb7) 55. Re8 Rg7+ 56. Kf2 Re7 (56... Rg8 $17 57. Rxg8 Kxg8) 57. Be4+ (57. Rxe7+ $15 Bxe7 58. d4) 57... Kg7 $17 58. Rxe7+ Bxe7 59. Kf3 Bc5 60. e3 Bd1+ 61. Kf2 Kf6 62. d4 Bb4 ({Black should play} 62... Bb6 $17 63. Bd3 Ke6 64. Bc4+ Kf5 65. Bd3+ Ke6 66. Bc4+ Kf6) 63. Bf3 $1 $15 {[%cal Rf3d1]} Ba4 64. e4 Bd2 65. Kg3 Be3 66. d5 Bd4 67. Kg4 Be8 68. Kg3 Bb5 69. Bg4 Ba4 70. d6 $1 Bc6 71. d7 Ke7 72. Kh4 {[#]} (72. e5 $11 {remains equal.}) 72... Bxe4 ({Black should try} 72... Be3 $1 $17 73. f5 Kxd7) 73. Kh5 Be3 74. Kxh6 Bxf4+ 75. Kh5 Bc6 {Accuracy: White = 73%, Black = 74%.} 1/2-1/2